000 00690cam a22002053a 4500
001 41145
003 PGUSA
005 20140828083928.0
008 121022s2012||||xxu|||||s|||||000 | eng d
040 _aPGUSA
_beng
042 _adc
100 1 _aCunningham, Francis,
_d1785-1863
245 1 3 _aAn account of the Death of Philip Jolin :
_bwho was executed for the murder of his father, in the Island of Jersey, October 3, 1829
_h[electronic resource] /
_cFrancis Cunningham
260 _bProject Gutenberg,
_c2012
506 _aPublic domain in the USA.
516 _aElectronic text
830 0 _aProject Gutenberg
_v41145
856 4 0 _uhttp://www.gutenberg.org/ebooks/41145
942 _cEB
999 _c270397
_d270397